| 000 | 01111nam a2200289 c 4500 | ||
|---|---|---|---|
| 999 |
_c379674 _d379674 |
||
| 003 | BLK | ||
| 005 | 20200805152536.0 | ||
| 008 | 180410b bul|||||r ||||||| ||bul|| | ||
| 040 | _aBLK | ||
| 041 |
_aBUL _cBUL |
||
| 080 |
_aБългарска литература _b821.163.2 _x-2 _z821.163.2-2 |
||
| 100 | 1 |
_aВасилев, Йордан _eпърви автор _945860 |
|
| 139 | _aВасилев, Йордан | ||
| 245 | 1 | 0 |
_aСуровият закон _bПиеса в 1 д. _cЙордан Василев |
| 257 | _aBGR | ||
| 260 |
_bЦДНА _c1965 _aСофия |
||
| 300 |
_a24 с. _c18 см |
||
| 380 | _aX | ||
| 490 | 1 |
_aБиблиотека Армейска театрална самодейност _v12 |
|
| 500 | _aИзд. на ЦДНА, Репертоарно-метод. кабинет. | ||
| 852 |
_aЦб І 7633 _bЦб |
||
| 856 | 4 | _qpdf | |
| 856 | 4 | _qpdf | |
| 942 |
_cKNG _n0 _s1 |
||
| 944 |
_aCR _c2020-08-05 _l2020-08-05 _kНР |
||